Surangini / (Record no. 47904)

MARC details
000 -LEADER
fixed length control field 00398nam a22001577a 4500
005 - DATE AND TIME OF LATEST TRANSACTION
control field 20181114162222.0
020 ## - INTERNATIONAL STANDARD BOOK NUMBER
International Standard Book Number 81-89020-41-2
Terms of availability 150.00
035 ## - SYSTEM CONTROL NUMBER
System control number B-227494
035 ## - SYSTEM CONTROL NUMBER
System control number B-227527
082 ## - DEWEY DECIMAL CLASSIFICATION NUMBER
Classification number S-SHA
100 ## - MAIN ENTRY--PERSONAL NAME
Personal name Sharma, Partap
245 ## - TITLE STATEMENT
Title Surangini /
Statement of responsibility, etc by Partap Sharma
260 ## - PUBLICATION, DISTRIBUTION, ETC. (IMPRINT)
Place of publication, distribution, etc New Delhi
Name of publisher, distributor, etc Katha
Date of publication, distribution, etc 2005
300 ## - PHYSICAL DESCRIPTION
Extent Various paging
Other physical details 28cm. (Hb)
Dimensions illu.
942 ## - ADDED ENTRY ELEMENTS (KOHA)
Source of classification or shelving scheme Dewey Decimal Classification
Item type Children Books
Classification part S-SHA
Holdings
Withdrawn status Lost status Not for loan Collection code Home library Current library Date acquired Cost, normal purchase price Full call number Barcode Copy number Cost, replacement price Koha item type
    Not For Loan Non-fiction Patel Nagar Patel Nagar 28/09/2010 150.00 S-SHA B-227494 1 150.00 Children Books
      Fiction R.C.Libraries (zls) R.C.Libraries (zls) 14/11/2018 150.00 S-SHA B-227527   150.00 Children Books

© Delhi Public Library
Hit Counter
free hit counter